| 000 | 00362nam a22001337a 4500 | ||
|---|---|---|---|
| 020 | _a0-03-910346-3 | ||
| 082 | _a629.3812 MAD'P | ||
| 100 |
_aMADDOCK, R. J _920194 |
||
| 245 | _aPOLES AND ZEROS IN ELECTRICAL AND CONTROL ENGINEERING | ||
| 260 |
_aLONDON _bHOLT RICHART _c1982 |
||
| 300 | _a216P | ||
| 650 |
_aROOT LOCKES METHODS TRANSIENTS _974940 |
||
| 942 | _cBK | ||
| 999 |
_c580444 _d580444 |
||